000 00433nam a2200181Ia 4500
005 20250603145224.0
008 250603s9999 xx 000 0 und d
020 _a9789351112143
050 _aPN 4756 .A76/
100 _aArora, Dr. Neha
245 0 _aJournalism ethics and mass management
260 _aNew Delhi
260 _bRandom Publications
260 _c2014
300 _a282 p
650 _aNew Delhi
942 _cBK
999 _c41231
_d41231